000 00452nam a22001817a 4500
005 20180519153735.0
008 160520b xxu||||| |||| 00| 0 eng d
020 _a81-219-0471-4
041 _aeng
082 _a515.33
100 _aNarayan S & Mittal P.K.
_9838
245 _aDiffrential Calculas
250 _aRev Ed
260 _aNew Delhi
_bSultan Chand & Sons.
_c1942
300 _a572
650 _aInformation Technology
_9137
942 _cBK
999 _c1150
_d1150